LEADER 01795nam 2200373 450 001 996574963903316 005 20230417170940.0 010 $a1-66540-535-X 035 $a(CKB)4100000012823721 035 $a(NjHacI)994100000012823721 035 $a(EXLCZ)994100000012823721 100 $a20230417d2021 uy 0 101 0 $aeng 135 $aur||||||||||| 181 $ctxt$2rdacontent 182 $cc$2rdamedia 183 $acr$2rdacarrier 200 10$a2021 IEEE International Conference on Robotics and Biomimetics (ROBIO) /$fInstitute of Electrical and Electronics Engineers 210 1$a[Place of publication not identified] :$cIEEE,$d2021. 215 $a1 online resource 311 $a1-66540-536-8 330 $aMobile robotics, medical robotics, tele robotics, robot vision, sensing, sensor networks, multirobot systems, virtual reality, human machine interface, human robot interaction, intelligent systems, Computational Intelligence, Emerging Technologies, robot learning, artificial intelligence, machine learning Humanoid robots, biologically inspired robotics, biomimicking robots systems, soft robots, flying robots, underwater robots and snake robots Smart structures, materials, and actuators, cellular molecular motors, MEMS nano fabrication, micro nano robotics, micro nano manipulation, micro nano sensing. 517 $a2021 IEEE International Conference on Robotics and Biomimetics 606 $aRobotics$xResearch$vCongresses 606 $aRobots$vCongresses 615 0$aRobotics$xResearch 615 0$aRobots 676 $a629.892 801 0$bNjHacI 801 1$bNjHacl 906 $aPROCEEDING 912 $a996574963903316 996 $a2021 IEEE International Conference on Robotics and Biomimetics (ROBIO)$93879025 997 $aUNISA